00620nam a2200145Ia 4500008004100000050002300041100002500064245013200089260008600221300002000307521001500327942000700342999001900349952010600368140724s9999 xx 000 0 und d aRT 86b.Au938 2013 aAustria, Princess P. aSocio-demographic profile and security levels of selected middle-aged adults of Greymarville Subdivision /cPricess P. Austria. aLas Piñas, Philippines :bSouthville International School and Colleges,cc2013. a54 p. :c28 cm. aPsychology cTH c228776d228776 001040aCLbCLcTHESESd2014-07-24l0oRT 86 .Au938 2013pT0130r2018-05-15 00:00:00w2014-07-24yTH